Teoría y problemas de algebra matricial y lineal

Guardat en:
Dades bibliogràfiques
Autors principals: Carbó Carré, Ramón (Autor), Domingo Pascual, Llorenc (Autor)
Format: Llibre
Idioma:espanyol
Publicat: Madrid McGraw-Hill 1987
Edició:2a. ed
Col·lecció:Serie de compendios Schaum
Matèries:
Etiquetes: Afegir etiqueta
Sense etiquetes, Sigues el primer a etiquetar aquest registre!

MARC

LEADER 00000nam a2200000 a 4500
001 UCW1389
003 CL-VaPUC
008 920611e19870000SP |||||||||||||||||spa|d
020 |a 8476151640 
082 0 4 |a 512.943  |b CAR  |2 21 
100 0 |a Carbó Carré, Ramón  |e author  |9 305322 
700 0 |a Domingo Pascual, Llorenc  |e author  |9 305323 
245 1 0 |a Teoría y problemas de algebra matricial y lineal 
250 |a 2a. ed 
300 |a 252 p 
942 |c BK 
945 |d 19920611 00:00:00 
260 |a Madrid  |b McGraw-Hill  |c 1987 
650 0 |a Matrices (Matemáticas)  |9 269972 
650 0 |a Álgebra lineal   |9 260445 
650 0 |a Problemas, ejercicios, etc  |9 259377 
583 |a last modification  |c 20150714 04:49:11  |k Rodrigo Vera 
490 0 |a Serie de compendios Schaum 
999 |c 216284  |d 216282 
952 |0 0  |1 0  |4 0  |6 512_943000000000000_CAR_1987  |7 0  |8 A  |9 201847  |a BIBMAT  |b BIBMAT  |d 2019-11-14  |i 2690845  |o 512.943 CAR 1987  |p 2690845  |r 2025-01-07  |w 2019-11-14  |y BK  |k MAT 
952 |0 0  |1 0  |4 0  |6 512_943000000000000_CAR_1987  |7 0  |8 A  |9 201848  |a BIBCUR  |b BIBCUR  |d 2019-11-14  |i 464834K  |l 8  |o 512.943 CAR 1987  |p 464834K  |r 2025-04-22  |s 2025-03-27  |w 2019-11-14  |y BK  |k FIS